000 00687nam a2200289Ia 4500
005 20260324135618.0
008 008 260324s9999 xx 000 0 eng d
020 _a9780203194317
037 _aEBOOK
040 _aCRL
040 _beng
040 _cCRL
041 _2eng
041 _aeng
084 _qCRL
100 _aNaomi S. Baron
_91201242
245 0 _aAlphabet to Email
245 0 _bHow Written English Evolved and Where It's Heading
260 _bTaylor and Francis
260 _c2000
365 _a
365 _b230
856 _uhttp://www.taylorfrancis.com/books/9780203194317
942 _cEBOOK
999 _c1802517
_d1802517